000
00318nam a2200121Ia 4500
005
20251222141925.0
008
251222s9999||||xx |||||||||||||| ||spa||
082
_a
869.009/M17
100
_a
Mairana, María Teresa
245
0
_a
Cuatro Estudios de Literatura Comparada
264
_b
L' Smitié Guérimienne
942
_c
LIB
999
_c
8847
_d
8847